[Event "23rd Hoogeveen Open 2019"]
[Site "Hoogeveen"]
[Date "2019.10.24"]
[Round "7.3"]
[White "Pruijssers, Roeland"]
[Black "Okkes, Menno"]
[Result "1-0"]
[WhiteElo "2550"]
[BlackElo "2326"]
[Annotator "TA"]
[PlyCount "139"]
[EventDate "2019.10.19"]
[EventType "swiss"]
[EventCountry "NED"]
[SourceTitle "playchess.com"]
[Source "ChessBase"]
[SourceQuality "1"]

{[%evp 13,139,16,24,16,12,10,14,23,26,9,14,21,25,22,22,30,21,33,50,30,21,14,93,40,45,56,42,37,51,33,31,33,41,14,21,7,7,8,9,8,14,1,8,8,8,7,42,37,41,38,55,65,60,43,73,54,68,78,58,37,37,44,43,37,40,37,45,56,122,119,185,102,102,73,104,12,48,90,274,266,296,264,227,204,264,220,303,279,297,266,368,389,381,337,540,422,452,411,402,416,579,569,564,0,364,0,585,583,578,578,564,552,838,833,859,806,797,778,1280,671,742,734,29966,29967,6095,6020,5206,1912]} 1. e4 c5 2. Nf3 d6 3. d4 cxd4 4. Nxd4 Nf6 5. Nc3 a6 6. Be3 e6 7. Qf3 Nbd7 8. O-O-O {B80: Sicilian Scheveningen: 6 g3 and 6 Be3, including English Attack} Qc7 (8... h5 9. h4 Qc7 10. Qg3 Ne5 11. f3 Bd7 12. Kb1 b5 13. a3 Rb8 14. f4 Neg4 15. Bc1 b4 16. axb4 Rxb4 {0-1 (47) Ponkratov,P (2613)-Moranda,W (2593) Katowice 2017}) 9. Qg3 b5 10. a3 $1 {The position is equal.} Bb7 11. f3 Rc8 {[%cal Ba8c8,Bc8c6,Bc6c4][%mdl 32]} 12. Bxb5 axb5 13. Ndxb5 Qa5 14. Nxd6+ Bxd6 15. Qxd6 Rc6 16. Qb4 $146 {[%cal Rb4a5]} Qxb4 17. axb4 Rc4 (17... Ke7 $11) 18. b5 (18. Na2 $1 $16) 18... Ke7 $14 19. Nb1 Rhc8 {[%csl Gc8][%cal Rc4c2]} 20. Na3 Ra4 21. Rd4 Rxd4 22. Bxd4 e5 23. Be3 Ne8 24. c4 Nd6 25. b3 f5 26. exf5 Nxf5 27. Re1 Nxe3 28. Rxe3 Ke6 29. Nc2 e4 30. fxe4 Ke5 31. Kb2 Bxe4 32. Kc3 h5 33. Re2 {[%mdl 1024] White has compensation.} g5 34. Nd4 {And now Nc6+ would win.} Nf6 $1 {[%cal Rf6d5] ...Nd5+ is the strong threat.} 35. Nc6+ Kd6 36. Rd2+ Kc7 37. Nd4 Re8 38. Rf2 Nd7 39. Re2 Nf6 40. g3 Kd6 ({Black should play} 40... h4 $14) 41. Kb4 $16 Ke5 (41... Re5 $16) 42. Nc6+ (42. Nf3+ $1 $18 Kf5 43. Nd2) 42... Kf5 {With the idea ...Bxc6.} 43. Na5 Rb8 44. Kc5 ({White should try} 44. Rd2 $16) 44... Bf3 45. Re3 Ne4+ $2 (45... Bg2 $16) 46. Kb4 $1 $18 Bg2 47. Nc6 Rb7 48. Re2 Bh1 49. Na5 Rb8 {[#]} 50. Re1 $1 {[%cal Re1h1]} Bg2 51. Nc6 Rb7 52. Rg1 Bh3 53. c5 Nf2 $2 (53... Rc7 {is a better defense.} 54. Nd4+ Ke5) 54. Kc4 Kf6 {...Be6+ would now be nice for Black.} 55. Nd4 Ne4 56. b6 Ke5 57. Nc6+ Kf6 58. Nd4 Ke5 59. Nc6+ $2 (59. Rd1) 59... Kf6 60. Na5 Rb8 {and the idea ...Be6+ leaves Black hopeful.} 61. b7 Be6+ {[#]} 62. Kb5 $1 Nc3+ 63. Kb6 Rh8 64. Rf1+ Kg6 65. Nc6 Bxb3 66. b8=Q Nd5+ 67. Ka7 {Ne5+ would kill now.} Rh7+ 68. Ka6 Bc4+ 69. Ka5 Bxf1 70. Qg8+ {Accuracy: White = 71%, Black = 43%.} 1-0

[Event "23rd Hoogeveen Open 2019"]
[Site "Hoogeveen"]
[Date "2019.10.24"]
[Round "7.4"]
[White "Beerdsen, Thomas"]
[Black "Kirchei, Viktoriia"]
[Result "0-1"]
[WhiteElo "2472"]
[BlackElo "2051"]
[Annotator "ChessBase"]
[PlyCount "70"]
[EventDate "2019.10.19"]
[EventType "swiss"]
[EventCountry "NED"]
[SourceTitle "playchess.com"]
[Source "ChessBase"]
[SourceQuality "1"]
[TimeControl "40/5400+30:1800+30"]

1. e4 {[%emt 0:00:00]} c5 {[%emt 0:00:00]} 2. Nf3 {[%emt 0:00:00]} Nc6 {[%emt 0:00:00]} 3. c3 {[%emt 0:00:00]} Nf6 {[%emt 0:00:45]} 4. e5 {[%emt 0:00:00]} Nd5 {[%emt 0:00:05]} 5. Bc4 {[%emt 0:00:00]} Nb6 {[%emt 0:05:01]} 6. Bb3 {[%emt 0:00:00]} d5 {[%emt 0:01:45]} 7. exd6 {[%emt 0:00:00]} exd6 {[%emt 0:00:39]} 8. O-O {[%emt 0:03:33]} Be7 {[%emt 0:00:31]} 9. h3 {[%emt 0:05:16]} Bf5 {[%emt 0:06:06]} 10. d4 {[%emt 0:02:03]} c4 {[%emt 0:01:53]} 11. Bc2 {[%emt 0:00:49]} Bxc2 {[%emt 0:01:53]} 12. Qxc2 {[%emt 0:00:05]} O-O {[%emt 0:01:20]} 13. Re1 {[%emt 0:07:40]} Bf6 {[%emt 0:03:55]} 14. Bf4 {[%emt 0:03:24]} d5 {[%emt 0:06:08]} 15. Nbd2 {[%emt 0:01:49]} Nc8 {[%emt 0:02:49]} 16. Nf1 {[%emt 0:08:54]} b5 {[%emt 0:06:52]} 17. Ne3 {[%emt 0:07:36]} g6 {[%emt 0:07:21]} 18. h4 {[%emt 0:10:19]} h5 {[%emt 0:09:20]} 19. Ng5 {[%emt 0:08:26]} Qd7 {[%emt 0:03:11]} 20. Kh1 {[%emt 0:09:19]} Kg7 {[%emt 0:05:48]} 21. Qe2 {[%emt 0:05:19]} N8e7 {[%emt 0:03:11]} 22. Qf3 {[%emt 0:03:33]} Rad8 {[%emt 0:05:21]} 23. Bh2 {[%emt 0:06:58]} b4 {[%emt 0:05:29]} 24. Re2 {[%emt 0:03:12]} a5 {[%emt 0:02:12]} 25. Rg1 {[%emt 0:03:30]} Nf5 {[%emt 0:01:46]} 26. Nxf5+ {[%emt 0:04:14]} Qxf5 {[%emt 0:00:06]} 27. Qxf5 {[%emt 0:00:05]} gxf5 {[%emt 0:00:06]} 28. Nf3 {[%emt 0:00:53]} Rfe8 {[%emt 0:01:44]} 29. Rge1 {[%emt 0:00:28]} Re4 {[%emt 0:00:58]} 30. Kg1 {[%emt 0:01:54]} Rde8 {[%emt 0:01:52]} 31. Kf1 {[%emt 0:00:08]} a4 {[%emt 0:00:30]} 32. Bf4 {[%emt 0:02:45]} a3 {[%emt 0:02:11]} 33. Bc1 {[%emt 0:00:05]} Rxe2 {[%emt 0:00:47]} 34. Rxe2 {[%emt 0:00:04]} Rxe2 {[%emt 0:00:03]} 35. Kxe2 {[%emt 0:00:06]} b3 {[%emt 0:00:03]} 0-1

[Event "23rd Hoogeveen Open 2019"]
[Site "Hoogeveen"]
[Date "2019.10.24"]
[Round "7.5"]
[White "Akash, Ganesan"]
[Black "Moksh Amit Doshi"]
[Result "0-1"]
[WhiteElo "2449"]
[BlackElo "2328"]
[Annotator "NA"]
[PlyCount "78"]
[EventDate "2019.10.19"]
[EventType "swiss"]
[EventCountry "NED"]
[SourceTitle "playchess.com"]
[Source "ChessBase"]
[SourceQuality "1"]
[TimeControl "40/5400+30:1800+30"]

1. e4 {[%emt 0:00:00]} c5 {[%emt 0:00:21]} 2. Nf3 {[%emt 0:00:00]} d6 {[%emt 0:00:07]} 3. d4 {[%emt 0:00:00]} cxd4 {[%emt 0:00:04]} 4. Nxd4 {[%emt 0:00:01]} Nf6 {[%emt 0:00:07]} 5. Nc3 {[%emt 0:00:05]} a6 {[%emt 0:00:05]} 6. h3 {[%emt 0:00:14]} e6 {[%emt 0:00:08]} 7. g4 {[%emt 0:01:03]} Nfd7 {[%emt 0:00:08]} 8. Bg2 {[%emt 0:00:39]} Be7 {[%emt 0:00:26]} 9. Be3 {[%emt 0:00:52]} Nc6 {[%emt 0:00:25]} 10. h4 {[%emt 0:01:04]} O-O {[%emt 0:05:40]} 11. g5 {[%emt 0:02:36]} Nde5 {[%emt 0:00:05]} 12. Qe2 {[%emt 0:03:37]} Nxd4 {[%emt 0:00:59]} 13. Bxd4 {[%emt 0:00:07]} Nc6 {[%emt 0:00:06]} 14. Be3 {[%emt 0:03:37]} Bd7 {[%emt 0:00:44]} 15. f4 {[%emt 0:02:27]} b5 {[%emt 0:03:23]} 16. h5 {[%emt 0:11:03]} b4 {[%emt 0:04:31]} 17. Nd1 {[%emt 0:02:56]} e5 {[%emt 0:03:04]} 18. Qd2 {[%emt 0:03:49]} exf4 {[%emt 0:06:14]} 19. Bxf4 {[%emt 0:00:11]} Ne5 {[%emt 0:01:46]} 20. Nf2 {[%emt 0:09:47]} Rc8 {[%emt 0:05:09]} 21. g6 {[%emt 0:10:22]} fxg6 {[%emt 0:11:21]} 22. Bxe5 {[%emt 0:10:51]} dxe5 {[%emt 0:01:45]} 23. hxg6 {[%emt 0:06:18]} Bh4 {[%emt 0:03:38]} 24. O-O {[%emt 0:04:15]} Qb6 {[%emt 0:07:08]} 25. Qxd7 {[%emt 0:04:13]} Bxf2+ {[%emt 0:01:11]} 26. Kh1 {[%emt 0:01:10]} hxg6 {[%emt 0:03:45]} 27. Bh3 {[%emt 0:03:57]} Qe3 {[%emt 0:03:34]} 28. Qd3 {[%emt 0:04:54]} Qh6 {[%emt 0:02:03]} 29. Kg2 {[%emt 0:05:35]} Qg5+ {[%emt 0:01:25]} 30. Kh1 {[%emt 0:00:23]} Qh5 {[%emt 0:00:17]} 31. Kg2 {[%emt 0:03:40]} Rxc2 {[%emt 0:03:56]} 32. Be6+ {[%emt 0:01:53]} Kh7 {[%emt 0:00:04]} 33. Qh3 {[%emt 0:01:41]} Be3+ {[%emt 0:01:24]} 34. Kh1 {[%emt 0:00:31]} Bf4 {[%emt 0:03:18]} 35. Qxh5+ {[%emt 0:01:12]} gxh5 {[%emt 0:00:05]} 36. Rad1 {[%emt 0:00:16]} Rf6 {[%emt 0:01:15]} 37. Bf5+ {[%emt 0:00:16]} g6 {[%emt 0:00:18]} 38. Bd7 {[%emt 0:01:30]} Rh2+ {[%emt 0:00:07]} 39. Kg1 {[%emt 0:00:07]} Rxb2 {[%emt 0:00:05]} 0-1

[Event "23rd Hoogeveen Open 2019"]
[Site "Hoogeveen"]
[Date "2019.10.24"]
[Round "7.6"]
[White "Manush Shah"]
[Black "Schoppen, Casper"]
[Result "1/2-1/2"]
[WhiteElo "2352"]
[BlackElo "2508"]
[Annotator "TA"]
[PlyCount "116"]
[EventDate "2019.10.19"]
[EventType "swiss"]
[EventCountry "NED"]
[SourceTitle "playchess.com"]
[Source "ChessBase"]
[SourceQuality "1"]

{[%evp 15,116,-2,-8,-7,-10,-13,0,-5,-10,-20,-18,-20,-22,-28,-6,-62,-64,-110,-99,-275,-71,-68,-75,-75,-5,-9,0,0,0,0,12,4,12,8,2,11,18,18,18,21,19,13,11,0,83,83,88,18,28,18,23,22,18,15,81,90,113,102,93,45,31,0,36,18,33,28,21,0,0,0,0,0,0,0,102,0,0,0,0,0,0,0,0,0,0,0,0,0,0,0,33,0,0,0,0,0,0,0,0,0,0,0,0]} 1. d4 Nf6 2. Nf3 e6 3. e3 b6 4. Bd3 Bb7 5. O-O d5 6. c4 Bd6 7. cxd5 exd5 8. Nc3 O-O 9. Qc2 {E14: Queen's Indian: Classical Variation (4 e3)} (9. b3 Nbd7 10. Bb2 a6 11. Rc1 Ne4 12. Ne2 Qe7 13. Qc2 Rac8 14. Ng3 f5 15. Qe2 b5 16. Rc2 c6 17. Rfc1 Rce8 18. Nf1 Qf6 19. Ne1 Qh6 20. Rd1 Re6 {½-½ (28) Li,C (2739)-Schroeder,J (2552) Germany 2017}) 9... c5 10. b3 Nc6 11. a3 Re8 12. dxc5 bxc5 13. Bb2 Ne5 14. Nxe5 $1 Bxe5 15. h3 $146 (15. Na4 $11) ({Predecessor:} 15. Rfd1 Qc7 {½-½ (58) Kirk,E (2271)-Seymour,T (2112) Brighton 2013}) 15... d4 $15 16. Na4 dxe3 $1 ({Of course not} 16... Qd5 $6 17. f4 $11) 17. Nxc5 $2 {[#]} (17. Bxe5 $17 Rxe5 18. fxe3) 17... Bxb2 $2 (17... Bxg2 $1 $19 {[%mdl 512] and Black stays clearly on top.} 18. Kxg2 Bxb2 19. Qxb2 Qd5+ {[%mdl 64] Double Attack} 20. Kh2 Qxc5) 18. Nxb7 $17 Qd4 19. Rad1 {[#] Bxh7+! is the strong threat.} Qe5 (19... Ne4 $1 $17 20. Bxe4 Qxe4 21. Qxe4 Rxe4) 20. Nd6 $1 $11 {[%cal Rd6e8]} Bd4 ({Don't blunder} 20... e2 $2 {[#]} 21. Bxe2 $1 {[%mdl 512]} Bxa3 22. Nxe8 $18) 21. fxe3 Qxd6 22. exd4 Qxd4+ 23. Kh1 {Strongly threatening Bxh7+!} Qe5 24. Rf5 Qe7 25. a4 g6 26. Rf3 {aiming for Qf2.} Nd7 27. Bb5 Rec8 $1 {[%cal Rc8c2]} 28. Qf2 Ne5 29. Re3 Qg5 (29... Rd8 $11 30. Rde1 f6) 30. Rde1 $36 {[%mdl 2048] Black is under strong pressure.} f6 31. Rg3 (31. h4 $16 Qf5 32. Qxf5 gxf5 33. Rf1) 31... Rc2 $1 $11 {[%cal Rc2f2]} 32. Qxc2 Qxg3 33. Rf1 Rf8 34. Qc7 {Hoping for Bc4+.} Qxb3 (34... Qe3 $1 $11) 35. Qxa7 $16 Rf7 36. Qa6 Kg7 37. Be8 Rf8 38. Bb5 Qe3 39. Qd6 Qa7 40. Rc1 {And now Rc7+ would win.} Rf7 41. Be8 Re7 42. Bb5 Nf7 43. Qc5 Qb7 44. Qc6 Qb8 (44... Qa7 $11 {keeps the balance.}) 45. Qc5 ({White has to play} 45. a5 $16) 45... Qd8 46. Qc3 h5 47. Qb4 Re5 48. Ba6 Qd7 49. Bb5 Qb7 50. Rc6 Qa7 51. Rc8 Re7 52. Qc5 Qb7 53. Re8 Rxe8 {The position is equal.} 54. Bxe8 Ng5 55. Bc6 Qb1+ 56. Kh2 Qb8+ 57. Kh1 Qb1+ 58. Kh2 Qb8+ {Accuracy: White = 50%, Black = 57%.} 1/2-1/2

[Event "23rd Hoogeveen Open 2019"]
[Site "Hoogeveen"]
[Date "2019.10.24"]
[Round "7.7"]
[White "Hilwerda, Jonas"]
[Black "Harutjunyan, Gevorg"]
[Result "1/2-1/2"]
[WhiteElo "2229"]
[BlackElo "2428"]
[Annotator "NA"]
[PlyCount "99"]
[EventDate "2019.10.19"]
[EventType "swiss"]
[EventCountry "NED"]
[SourceTitle "playchess.com"]
[Source "ChessBase"]
[SourceQuality "1"]
[TimeControl "40/5400+30:1800+30"]

1. e4 {[%emt 0:00:00]} c6 {[%emt 0:00:00]} 2. d4 {[%emt 0:00:00]} d5 {[%emt 0:00:00]} 3. Nd2 {[%emt 0:00:00]} dxe4 {[%emt 0:00:00]} 4. Nxe4 {[%emt 0:00:00]} Bf5 {[%emt 0:00:00]} 5. Ng3 {[%emt 0:00:00]} Bg6 {[%emt 0:00:02]} 6. h4 {[%emt 0:00:00]} h6 {[%emt 0:00:06]} 7. Nf3 {[%emt 0:00:00]} Nd7 {[%emt 0:00:24]} 8. h5 {[%emt 0:00:00]} Bh7 {[%emt 0:00:04]} 9. Bd3 {[%emt 0:00:00]} Bxd3 {[%emt 0:00:06]} 10. Qxd3 {[%emt 0:00:00]} e6 {[%emt 0:00:08]} 11. Bd2 {[%emt 0:00:03]} Ngf6 {[%emt 0:00:20]} 12. O-O-O {[%emt 0:00:06]} Be7 {[%emt 0:00:05]} 13. Kb1 {[%emt 0:00:11]} Qb6 {[%emt 0:00:06]} 14. Rhe1 {[%emt 0:01:11]} O-O {[%emt 0:11:39]} 15. Nf5 {[%emt 0:08:07]} Bb4 {[%emt 0:01:58]} 16. Nxh6+ {[%emt 0:04:04]} gxh6 {[%emt 0:00:22]} 17. c3 {[%emt 0:00:10]} Ba3 {[%emt 0:00:35]} 18. Bc1 {[%emt 0:06:13]} Rfe8 {[%emt 0:18:35]} 19. g4 {[%emt 0:03:30]} Nh7 {[%emt 0:07:11]} 20. c4 {[%emt 0:34:23]} Bf8 {[%emt 0:01:38]} 21. g5 {[%emt 0:03:39]} hxg5 {[%emt 0:11:43]} 22. Rg1 {[%emt 0:10:29]} Kh8 {[%emt 0:09:40]} 23. h6 {[%emt 0:02:51]} Be7 {[%emt 0:11:57]} 24. Bxg5 {[%emt 0:00:24]} Qa5 {[%emt 0:14:52]} 25. c5 {[%emt 0:01:05]} Nxc5 {[%emt 0:02:12]} 26. Qc2 {[%emt 0:13:47]} Nd7 {[%emt 0:04:51]} 27. d5 {[%emt 0:00:00]} cxd5 {[%emt 0:02:24]} 28. Bxe7 {[%emt 0:03:35]} Rac8 {[%emt 0:01:18]} 29. Qd3 {[%emt 0:00:45]} Rxe7 {[%emt 0:00:18]} 30. Rg7 {[%emt 0:00:01]} Ndf6 {[%emt 0:00:21]} 31. Ne5 {[%emt 0:03:18]} Qc7 {[%emt 0:00:54]} 32. f4 {[%emt 0:00:01]} Rg8 {[%emt 0:01:12]} 33. Rdg1 {[%emt 0:01:07]} Rxg7 {[%emt 0:00:20]} 34. Rxg7 {[%emt 0:01:01]} Ne4 {[%emt 0:00:39]} 35. a3 {[%emt 0:00:00]} Nhf6 {[%emt 0:00:35]} 36. Qe2 {[%emt 0:00:36]} Ne8 {[%emt 0:00:42]} 37. Qg2 {[%emt 0:00:41]} Nd2+ {[%emt 0:00:27]} 38. Ka2 {[%emt 0:00:22]} Qc2 {[%emt 0:00:12]} 39. Rg8+ {[%emt 0:01:22]} Kh7 {[%emt 0:00:03]} 40. Rg7+ {[%emt 0:00:24]} Kh8 {[%emt 0:00:06]} 41. Rg8+ {[%emt 0:30:34]} Kh7 {[%emt 0:30:05]} 42. Rg7+ {[%emt 0:01:14]} Kh8 {[%emt 0:00:08]} 43. Qg1 {[%emt 0:00:00]} Nb3 {[%emt 0:00:00]} 44. Rg8+ {[%emt 0:00:00]} Kh7 {[%emt 0:00:00]} 45. Rg7+ {[%emt 0:00:00]} Kh8 {[%emt 0:00:00]} 46. Rg8+ {[%emt 0:00:00]} Kh7 {[%emt 0:00:00]} 47. Rxe8 {[%emt 0:00:00]} Nc1+ {[%emt 0:00:00]} 48. Ka1 {[%emt 0:00:00]} Nb3+ {[%emt 0:00:00]} 49. Ka2 {[%emt 0:00:00]} Nc1+ {[%emt 0:00:00]} 50. Ka1 {[%emt 0:00:00]} 1/2-1/2

[Event "23rd Hoogeveen Open 2019"]
[Site "Hoogeveen"]
[Date "2019.10.24"]
[Round "7.8"]
[White "Zwirs, Nico"]
[Black "Elgersma, Onno"]
[Result "1/2-1/2"]
[WhiteElo "2421"]
[BlackElo "2306"]
[Annotator "NA"]
[PlyCount "119"]
[EventDate "2019.10.19"]
[EventType "swiss"]
[EventCountry "NED"]
[SourceTitle "playchess.com"]
[Source "ChessBase"]
[SourceQuality "1"]
[TimeControl "40/5400+30:1800+30"]

1. d4 {[%emt 0:00:00]} d5 {[%emt 0:00:05]} 2. c4 {[%emt 0:00:00]} e6 {[%emt 0:00:03]} 3. Nc3 {[%emt 0:00:03]} Nf6 {[%emt 0:01:46]} 4. Nf3 {[%emt 0:00:48]} a6 {[%emt 0:00:14]} 5. cxd5 {[%emt 0:00:55]} exd5 {[%emt 0:00:03]} 6. Bg5 {[%emt 0:00:21]} Be6 {[%emt 0:00:08]} 7. e3 {[%emt 0:00:31]} Nbd7 {[%emt 0:01:02]} 8. Bd3 {[%emt 0:01:39]} Bd6 {[%emt 0:00:43]} 9. O-O {[%emt 0:02:56]} c6 {[%emt 0:02:50]} 10. Rb1 {[%emt 0:04:46]} h6 {[%emt 0:03:46]} 11. Bf4 {[%emt 0:02:27]} Qc7 {[%emt 0:00:10]} 12. Bg3 {[%emt 0:03:43]} O-O {[%emt 0:09:42]} 13. b4 {[%emt 0:04:20]} Bxg3 {[%emt 0:03:10]} 14. hxg3 {[%emt 0:01:04]} b5 {[%emt 0:11:04]} 15. a4 {[%emt 0:12:35]} Nb6 {[%emt 0:03:01]} 16. Nd2 {[%emt 0:07:18]} Nc4 {[%emt 0:03:28]} 17. Nb3 {[%emt 0:03:45]} Ng4 {[%emt 0:13:21]} 18. Bxc4 {[%emt 0:09:41]} bxc4 {[%emt 0:04:46]} 19. Nc5 {[%emt 0:00:58]} Qe7 {[%emt 0:00:17]} 20. Ne2 {[%emt 0:09:07]} Bf5 {[%emt 0:02:04]} 21. Rc1 {[%emt 0:00:46]} Rfb8 {[%emt 0:02:45]} 22. Qd2 {[%emt 0:01:47]} Qg5 {[%emt 0:03:46]} 23. Nf4 {[%emt 0:02:54]} Nf6 {[%emt 0:01:23]} 24. Nh3 {[%emt 0:05:29]} Bxh3 {[%emt 0:07:32]} 25. gxh3 {[%emt 0:00:04]} Qf5 {[%emt 0:00:11]} 26. Kg2 {[%emt 0:00:59]} Ne4 {[%emt 0:00:26]} 27. Nxe4 {[%emt 0:00:47]} Qxe4+ {[%emt 0:00:04]} 28. f3 {[%emt 0:00:21]} Qe7 {[%emt 0:00:05]} 29. Rb1 {[%emt 0:01:17]} Ra7 {[%emt 0:00:50]} 30. Rb2 {[%emt 0:00:25]} Rab7 {[%emt 0:00:54]} 31. Rfb1 {[%emt 0:00:11]} Kf8 {[%emt 0:02:11]} 32. Qc3 {[%emt 0:03:17]} h5 {[%emt 0:07:45]} 33. h4 {[%emt 0:00:18]} Kg8 {[%emt 0:00:33]} 34. Kf2 {[%emt 0:01:56]} Rb6 {[%emt 0:02:07]} 35. Kg2 {[%emt 0:02:42]} Kh8 {[%emt 0:01:56]} 36. Kf2 {[%emt 0:00:41]} f6 {[%emt 0:01:05]} 37. e4 {[%emt 0:08:13]} dxe4 {[%emt 0:02:56]} 38. Qxc4 {[%emt 0:00:53]} exf3 {[%emt 0:00:08]} 39. Qc5 {[%emt 0:01:00]} Qe4 {[%emt 0:04:05]} 40. Qxh5+ {[%emt 0:03:22]} Kg8 {[%emt 0:00:34]} 41. Qxf3 {[%emt 0:30:29]} Qxd4+ {[%emt 0:30:56]} 42. Qe3 {[%emt 0:00:17]} Qd5 {[%emt 0:00:00]} 43. Qb3 {[%emt 0:00:00]} Qxb3 {[%emt 0:00:00]} 44. Rxb3 {[%emt 0:00:00]} c5 {[%emt 0:00:00]} 45. b5 {[%emt 0:00:00]} c4 {[%emt 0:00:00]} 46. Rb4 {[%emt 0:00:00]} c3 {[%emt 0:00:00]} 47. Rc1 {[%emt 0:00:00]} axb5 {[%emt 0:00:00]} 48. Rxc3 {[%emt 0:00:00]} bxa4 {[%emt 0:00:00]} 49. Rxa4 {[%emt 0:00:00]} Rb2+ {[%emt 0:00:00]} 50. Kf3 {[%emt 0:00:00]} R2b3 {[%emt 0:00:00]} 51. Rxb3 {[%emt 0:00:00]} Rxb3+ {[%emt 0:00:00]} 52. Kf4 {[%emt 0:00:00]} Kh7 {[%emt 0:00:00]} 53. Kg4 {[%emt 0:00:00]} Kh6 {[%emt 0:00:00]} 54. Ra8 {[%emt 0:00:00]} Rb4+ {[%emt 0:00:00]} 55. Kh3 {[%emt 0:00:00]} Kh7 {[%emt 0:00:00]} 56. h5 {[%emt 0:00:00]} Rb5 {[%emt 0:00:00]} 57. g4 {[%emt 0:00:00]} Rb3+ {[%emt 0:00:00]} 58. Kh4 {[%emt 0:00:00]} Rb4 {[%emt 0:00:00]} 59. Rf8 {[%emt 0:00:00]} Rb1 {[%emt 0:00:00]} 60. Ra8 {[%emt 0:00:00]} 1/2-1/2

[Event "23rd Hoogeveen Open 2019"]
[Site "Hoogeveen"]
[Date "2019.10.24"]
[Round "7.9"]
[White "Seul, Georg"]
[Black "Gomes, Mary Ann"]
[Result "1-0"]
[WhiteElo "2411"]
[BlackElo "2268"]
[Annotator "NA"]
[PlyCount "93"]
[EventDate "2019.10.19"]
[EventType "swiss"]
[EventCountry "NED"]
[SourceTitle "playchess.com"]
[Source "ChessBase"]
[SourceQuality "1"]
[TimeControl "40/5400+30:1800+30"]

1. e4 {[%emt 0:01:10]} c5 {[%emt 0:00:00]} 2. Nc3 {[%emt 0:00:13]} e6 {[%emt 0:00:18]} 3. f4 {[%emt 0:02:50]} d5 {[%emt 0:01:07]} 4. Nf3 {[%emt 0:00:11]} Nc6 {[%emt 0:04:32]} 5. Bb5 {[%emt 0:01:08]} Nf6 {[%emt 0:03:35]} 6. e5 {[%emt 0:01:24]} Nd7 {[%emt 0:00:06]} 7. Bxc6 {[%emt 0:00:16]} bxc6 {[%emt 0:00:06]} 8. d3 {[%emt 0:00:25]} Be7 {[%emt 0:01:20]} 9. O-O {[%emt 0:00:22]} O-O {[%emt 0:00:30]} 10. Qe1 {[%emt 0:25:00]} Rb8 {[%emt 0:11:55]} 11. b3 {[%emt 0:02:55]} f5 {[%emt 0:04:38]} 12. exf6 {[%emt 0:02:41]} Bxf6 {[%emt 0:01:47]} 13. Bb2 {[%emt 0:14:34]} Qe7 {[%emt 0:00:31]} 14. Qg3 {[%emt 0:01:18]} Rb4 {[%emt 0:22:48]} 15. Ne5 {[%emt 0:28:57]} Rxf4 {[%emt 0:10:10]} 16. Rxf4 {[%emt 0:01:14]} Bxe5 {[%emt 0:01:58]} 17. Rxf8+ {[%emt 0:00:09]} Qxf8 {[%emt 0:00:06]} 18. Qe1 {[%emt 0:05:07]} Qf6 {[%emt 0:05:38]} 19. Nd1 {[%emt 0:00:37]} Bxb2 {[%emt 0:06:22]} 20. Nxb2 {[%emt 0:00:05]} Qd4+ {[%emt 0:00:31]} 21. Kh1 {[%emt 0:00:32]} Nf6 {[%emt 0:00:11]} 22. c3 {[%emt 0:00:40]} Qf4 {[%emt 0:00:05]} 23. Qg3 {[%emt 0:01:58]} Qd2 {[%emt 0:01:31]} 24. Na4 {[%emt 0:03:00]} Bd7 {[%emt 0:07:34]} 25. h3 {[%emt 0:01:24]} Be8 {[%emt 0:02:58]} 26. Qe1 {[%emt 0:00:15]} Qxd3 {[%emt 0:00:05]} 27. Nxc5 {[%emt 0:00:29]} Qc2 {[%emt 0:00:32]} 28. Qxe6+ {[%emt 0:00:23]} Kh8 {[%emt 0:02:22]} 29. Qe5 {[%emt 0:00:55]} h5 {[%emt 0:02:33]} 30. Rf1 {[%emt 0:00:47]} Bf7 {[%emt 0:00:07]} 31. a4 {[%emt 0:00:30]} a5 {[%emt 0:00:57]} 32. Qb8+ {[%emt 0:01:22]} Bg8 {[%emt 0:01:49]} 33. Qe5 {[%emt 0:00:14]} d4 {[%emt 0:00:22]} 34. Qxd4 {[%emt 0:00:30]} Bxb3 {[%emt 0:01:51]} 35. Nxb3 {[%emt 0:00:08]} Qxb3 {[%emt 0:00:05]} 36. Qd8+ {[%emt 0:00:39]} Kh7 {[%emt 0:00:26]} 37. Qxa5 {[%emt 0:00:07]} Nd5 {[%emt 0:00:15]} 38. Rf3 {[%emt 0:00:49]} Qb1+ {[%emt 0:00:49]} 39. Kh2 {[%emt 0:00:06]} Qe4 {[%emt 0:00:07]} 40. Qc5 {[%emt 0:01:48]} Qxa4 {[%emt 0:00:07]} 41. c4 {[%emt 0:05:45]} Nf6 {[%emt 0:00:09]} 42. Ra3 {[%emt 0:04:11]} Qd1 {[%emt 0:06:22]} 43. Qf5+ {[%emt 0:03:11]} Kg8 {[%emt 0:03:24]} 44. Ra8+ {[%emt 0:00:06]} Kf7 {[%emt 0:00:23]} 45. Ra7+ {[%emt 0:00:04]} Kg8 {[%emt 0:00:07]} 46. Qe6+ {[%emt 0:00:46]} Kh7 {[%emt 0:01:01]} 47. Qxf6 {[%emt 0:01:05]} 1-0

[Event "23rd Hoogeveen Open 2019"]
[Site "Hoogeveen"]
[Date "2019.10.24"]
[Round "7.10"]
[White "Dev, Shah"]
[Black "Romanishin, Oleg M"]
[Result "0-1"]
[WhiteElo "2025"]
[BlackElo "2441"]
[Annotator "NA"]
[PlyCount "70"]
[EventDate "2019.10.19"]
[EventType "swiss"]
[EventCountry "NED"]
[SourceTitle "playchess.com"]
[Source "ChessBase"]
[SourceQuality "1"]
[TimeControl "40/5400+30:1800+30"]

1. d4 {[%emt 0:00:14]} Nf6 {[%emt 0:00:00]} 2. c4 {[%emt 0:00:05]} e6 {[%emt 0:00:00]} 3. Nc3 {[%emt 0:00:05]} Bb4 {[%emt 0:00:00]} 4. e3 {[%emt 0:00:05]} O-O {[%emt 0:04:29]} 5. Nge2 {[%emt 0:00:08]} d5 {[%emt 0:01:15]} 6. a3 {[%emt 0:00:07]} Be7 {[%emt 0:00:07]} 7. Nf4 {[%emt 0:00:26]} c6 {[%emt 0:06:13]} 8. Bd3 {[%emt 0:00:36]} Nbd7 {[%emt 0:15:14]} 9. O-O {[%emt 0:01:36]} dxc4 {[%emt 0:05:35]} 10. Bxc4 {[%emt 0:00:09]} Nb6 {[%emt 0:02:27]} 11. Ba2 {[%emt 0:16:52]} Nbd5 {[%emt 0:01:06]} 12. Nfe2 {[%emt 0:02:34]} Nxc3 {[%emt 0:17:27]} 13. bxc3 {[%emt 0:06:18]} c5 {[%emt 0:00:58]} 14. Bb2 {[%emt 0:14:52]} cxd4 {[%emt 0:09:28]} 15. cxd4 {[%emt 0:03:06]} b6 {[%emt 0:01:00]} 16. Qd3 {[%emt 0:02:03]} Bb7 {[%emt 0:02:10]} 17. f3 {[%emt 0:02:42]} Bd5 {[%emt 0:02:45]} 18. Bb1 {[%emt 0:11:41]} b5 {[%emt 0:00:57]} 19. e4 {[%emt 0:02:55]} Bc4 {[%emt 0:00:06]} 20. Qe3 {[%emt 0:00:54]} Qb6 {[%emt 0:00:51]} 21. Rd1 {[%emt 0:01:40]} Rfd8 {[%emt 0:03:22]} 22. f4 {[%emt 0:06:13]} Rac8 {[%emt 0:06:54]} 23. Ng3 {[%emt 0:03:25]} g6 {[%emt 0:02:20]} 24. e5 {[%emt 0:02:09]} Nd5 {[%emt 0:03:14]} 25. Qf3 {[%emt 0:00:44]} a5 {[%emt 0:01:06]} 26. Ne4 {[%emt 0:02:56]} b4 {[%emt 0:01:14]} 27. a4 {[%emt 0:07:53]} Ba6 {[%emt 0:08:44]} 28. Kh1 {[%emt 0:03:20]} Bb7 {[%emt 0:01:00]} 29. Qg3 {[%emt 0:03:44]} Qc6 {[%emt 0:01:42]} 30. Bd3 {[%emt 0:02:40]} Nc3 {[%emt 0:00:22]} 31. Bxc3 {[%emt 0:02:05]} bxc3 {[%emt 0:00:05]} 32. Rdc1 {[%emt 0:00:58]} Rxd4 {[%emt 0:01:55]} 33. Rxc3 {[%emt 0:00:02]} Qxc3 {[%emt 0:00:20]} 34. Nxc3 {[%emt 0:00:05]} Rxc3 {[%emt 0:00:07]} 35. Qe1 {[%emt 0:01:01]} Rcxd3 {[%emt 0:00:32]} 0-1